| 000 | 00717nam a2200229 a 4500 | ||
|---|---|---|---|
| 005 | 20240320063720.0 | ||
| 008 | 161024s2006 es r 000 0 spa d | ||
| 020 | _a8433970925 | ||
| 035 | _aUPN01000214146 | ||
| 049 | _aCG | ||
| 050 | 4 |
_aPS3551 U8 _bB7.6 |
|
| 100 | 1 |
_aAuster, Paul, _d1947- _928861 |
|
| 245 | 1 | 0 |
_aBrooklyn Follies / _cPaul Auster ; tr. de Benito Gómez Ibáñez. |
| 260 |
_aBarcelona, Esp. : _bAnagrama, _c2006. |
||
| 300 | _a310 p. | ||
| 440 | 0 |
_aPanorama de narrativas ; _v629 |
|
| 534 |
_pTitulo original: _tThe Brooklyn Follies |
||
| 651 | 4 |
_aESTADOS UNIDOS - _xVIDA SOCIAL Y COSTUMBRES - _vNOVELA _922613 |
|
| 650 | 4 |
_aNovela estadounidense _94462 |
|
| 905 | _aLibro | ||
| 999 |
_c186246 _d186246 |
||